[Event "Quebec-ch U18"]
[Site "Montreal"]
[Date "2016.01.17"]
[Round "5"]
[White "Chiku Ratte, Olivier Kenta"]
[Black "Harris, Gabriel"]
[Result "1-0"]
[WhiteElo "2398"]
[BlackElo "1446"]
[PlyCount "65"]
[EventDate "2016.01.15"]
[EventType "tourn"]
[EventRounds "5"]
[EventCountry "CAN"]
[SourceTitle "EXT 2017"]
[Source "ChessBase"]
[SourceDate "2016.10.25"]
[SourceVersion "1"]
[SourceVersionDate "2016.10.25"]
[SourceQuality "1"]

1. d4 Nf6 2. c4 g6 3. Nc3 Bg7 4. e4 d6 5. f4 Nbd7 6. Nf3 0-0 7. Be2 b6 8. 0-0 Bb7 9. Qc2 Re8 10. e5 dxe5 11. fxe5 Ng4 12. h3 Nh6 13. Bf4 Nf5 14. Qd2 c5 15. d5 e6 16. d6 a6 17. g4 Nh4 18. Nxh4 Qxh4 19. Qe3 Qd8 20. g5 Bh8 21. Nd1 h6 22. gxh6 Kh7 23. Bd3 f6 24. exf6 Bxf6 25. Qg3 Rg8 26. Nc3 e5 27. Be3 Nf8 28. Be4 Ra7 29. Bxb7 Rxb7 30. Ne4 Rf7 31. Ng5+ Bxg5 32. Rxf7+ Kxh6 33. Qh4# 1-0